| 000 | 00740nam a2200217Ia 4500 | ||
|---|---|---|---|
| 003 | GCL | ||
| 008 | 140319s9999 xx 000 0 ara d | ||
| 040 |
_aGCL / _cGCL |
||
| 082 | 0 | 4 |
_a822م _bو ق |
| 100 | 1 | _aوليامز, تينسى | |
| 245 | 1 | 0 |
_aقطة على سطح من الصفيح الساخن / _cوليامز, تينسى |
| 700 | 1 | _aعبدالحكيم البشلاوى | |
| 260 |
_a[S.N] : _bمكتبة مصر ، _c1980 |
||
| 300 | _a159 ص | ||
| 490 |
_aمكتبة الفنون الدرامية _v0 |
||
| 650 | 0 | 4 | _aالمسرح الانجليزى |
| 650 | 0 | 4 | _aالمسرح الامريكى |
| 650 | 0 | 4 | _aالمسرحيات الامريكية |
| 650 | 0 | 4 | _aالادب الامريكى المترجم |
| 942 |
_2ddc _cBK |
||
| 999 |
_c35785 _d35785 |
||